Vona /

Mrazivé vyprávění z doby, kdy Šumavu pohltil krvavý sníh. Příběh inspirovaný skutečnou událostí ze Šumavy roku 1853.

Uloženo v:
Hlavní autor: Klabouchová, Petra, 1980- (Autor)
Médium: Kniha
Jazyk:Czech
Vydáno: Brno : Host, 2026
Vydání:První vydání
Témata:
Celkem bylo vypůjčeno:0x
Tagy:
Žádné tagy
LEADER 02169nam a2200373 i 4500
001 106225
003 CZ PrNK
005 20260428161220.0
007 ta
008 260417s2026 xr g 000 f cze
015 |a cnb003746058 
020 |a 9788027528592  |q (vázáno) 
040 |a ABG001  |b cze  |e rda 
072 7 |a 821.162.3-3  |x Česká próza  |2 Konspekt  |9 25 
080 |a 821.162.3-31  |2 MRF 
080 |a (0:82-312.4)  |2 MRF 
100 1 |a Klabouchová, Petra,  |d 1980-  |7 ola2006345384  |4 aut  |9 5532 
245 1 0 |a Vona /  |c Petra Klabouchová 
250 |a První vydání 
264 1 |a Brno :  |b Host,  |c 2026 
300 |a 324 stran ;  |c 21 cm 
336 |a text  |b txt  |2 rdacontent 
337 |a bez média  |b n  |2 rdamedia 
338 |a svazek  |b nc  |2 rdacarrier 
520 2 |a Mrazivé vyprávění z doby, kdy Šumavu pohltil krvavý sníh. Příběh inspirovaný skutečnou událostí ze Šumavy roku 1853.  |b Obyvatelé odlehlých osad pod Huťským štítem očekávají příchod jara. Marně. Dočkají se jen dalších mrazů a přívalů sněhu, který všechno a všechny pohřbí. A také hladu, neznámé epidemie, hrůzy a šílenství. Někteří si vyberou smrt, jiní se v boji o přežití zřeknou vlastního lidství. Ozvěnu té dávné tragédie si přes generace až k současnosti předávají potomci jednoho z místních rodů. Román, který ctí horor i motivy magické Šumavy, vypráví příběh o dobru a zlu, o nenávisti a odpuštění a o hrůzném dědictví, jež čeká na své odhalení. Příběh o strachu a nepochopení, co přechází z otců na syny, i o ženách, které v mužském světě nemají ani právo na jméno – každá z nich je jen další a další Vona. Nakladatelská anotace. 
655 7 |a české romány  |7 fd133974  |2 czenas  |9 54031 
655 7 |a horory (romány)  |7 fd184202  |2 czenas  |9 54252 
655 9 |a Czech fiction  |2 eczenas 
655 9 |a horror novels  |2 eczenas 
710 2 |a Host (vydavatelství)  |7 ko2003163544  |4 pbl  |9 117148 
910 |a UOG502 
942 |2 ddc  |c KN 
999 |d 106225 
993 |0 0  |1 421180106951  |2 ddc  |4 0  |7 0  |9 99568  |b 0  |c 106951  |d 2026-04-28  |e 0  |f DOSP  |h 449.00  |i Koupě  |l DOSP  |r 2026-04-28  |t 6  |w 2026-04-28  |y KN  |z SFF  |n